Prevention and treatment of sports injuries / (Record no. 134797)

MARC details
000 -LEADER
fixed length control field 00731nam a22002297a 4500
005 - DATE AND TIME OF LATEST TRANSACTION
control field 20170124110234.0
010 ## - LIBRARY OF CONGRESS CONTROL NUMBER
LC control number B-021646
020 ## - INTERNATIONAL STANDARD BOOK NUMBER
Terms of availability 200.00
International Standard Book Number 8175240474
035 ## - SYSTEM CONTROL NUMBER
System control number B-021646
037 ## - SOURCE OF ACQUISITION
Source of stock number/acquisition Cen Lib/Ret
040 ## - CATALOGING SOURCE
Original cataloging agency DPL
Language of cataloging EN
082 ## - DEWEY DECIMAL CLASSIFICATION NUMBER
Classification number 617.1027
Item number AMB
100 ## - MAIN ENTRY--PERSONAL NAME
Personal name Ambast, Anju
9 (RLIN) 41790
245 ## - TITLE STATEMENT
Title Prevention and treatment of sports injuries /
Statement of responsibility, etc by Anju Ambast
260 ## - PUBLICATION, DISTRIBUTION, ETC. (IMPRINT)
Place of publication, distribution, etc Delhi
Name of publisher, distributor, etc Khel Sahitya Kendra
Date of publication, distribution, etc 2000
270 ## - ADDRESS
Address WP-474, 1st Floor, Shiv Market Ashok Vihar-I
City Delhi
Postal code 110052
300 ## - PHYSICAL DESCRIPTION
Extent 81p. :
Dimensions 20cm(Hb)
Other physical details ill.
500 ## - GENERAL NOTE
General note Includes bibliographical references<br/> <br/>
650 ## - SUBJECT ADDED ENTRY--TOPICAL TERM
Topical term or geographic name as entry element Prevention -- Sports injuries
9 (RLIN) 41791
650 ## - SUBJECT ADDED ENTRY--TOPICAL TERM
Topical term or geographic name as entry element Sports
9 (RLIN) 104519
942 ## - ADDED ENTRY ELEMENTS (KOHA)
Source of classification or shelving scheme Dewey Decimal Classification
Koha item type English Books
Classification part 617.1027
Call number suffix AMB
Holdings
Withdrawn status Lost status Damaged status Not for loan Collection code Home library Current library Date acquired Source of acquisition Cost, normal purchase price Total Checkouts Full call number Barcode Date last seen Copy number Cost, replacement price Price effective from Koha item type
      Not For Loan Reference Central Library Central Library 31/07/2015 Cen Lib/Ret 200.00   617.1027 AMB B-021646 31/07/2015 1 200.00 31/07/2015 English Books

© Delhi Public Library
Hit Counter
free hit counter